000 00453nam a2200181 a 4500
001 1771665851242
003 YourLibrary
005 20260221145719.0
008 260221s2008##################000#0#eng##
020 _a9781844881840
082 0 4 _a338.4762
_bMCD
100 1 _aMcDonald, Frank,
_eauthor.
245 1 0 _aThe Builders :
260 _c2008.
650 0 _aConstruction industry.
942 _cENGLISH
040 _aYourLibrary
_beng
_cYourLibrary
999 _c615186
_d615186